Grands classiques du rock - Statistiques

Statistiques générales
  • Ce quiz a été pris 116 fois
    100 depuis la dernière actualisation
  • Le résultat moyen est 11 sur 20
Statistiques - réponses
Par images Réponse % Correct
Pink Floyd
97%
The Beatles
97%
ACDC
94%
Nirvana
91%
Michael Jackson
88%
The Eagles
73%
Bruce Springsteen
65%
Dire Straits
64%
Radiohead
63%
Guns and Roses
59%
U2
45%
Led Zeppelin
42%
The Doors
42%
Deep Purple
31%
Queen
30%
Rolling Stones
23%
Madonna
22%
The Who
19%
Tears for Fears
12%
Frankie Goes to Hollywood
6%
Aucun quiz correspondant
Distribution des résultats
% des personnes avec chaque résultat
Percentile par nombre de réponses
Votre historique - résultats
Vous n’avez pas pris ce quiz depuis la dernière actualisation